Datum a čas kvízu

29.5 Celkem bodů Celkový počet nahraných bodů na tomto kvízu bez doplňovacích otázek.
5. Pořadí na kvízu Konečné umístění týmu na tomto kvízu.

Zaznamenané odpovědi

# Otázka Odpověď Body Výsledky
1. Jaká je výše nepodmíněného tre... 7 let 1
2. Okurková sezóna právě začala,... Puma nejezdí lidi. 0
3. V úterý vystoupil v pražské O2... Phil Collins 1
4. Jak se nazývá asijská aerolink... Qatar Airways 0
5. Česká tenisová jednička Karolí... Eastbourne 1
-14. Začneme moderními polskými děj... v roce 2010 1
-13. Ze kterého šlechtického rodu p... z rodu Piastovců 0
-12. Které země si rozdělily Polsko... Prusko, Rakousko a Rusko 0.5
-11. V roce 1940 bylo povražděno př... Katyň 0
-10. Ve kterém polském městě vznikl... v Gdaňsku 1